| 000 | 00607nam a2200205 i 4500 | ||
|---|---|---|---|
| 001 | 35030 | ||
| 003 | ES-MaACL | ||
| 005 | 20240221121715.0 | ||
| 007 | t| | ||
| 008 | 030211s1973 sp ||||1| spa d | ||
| 100 | 1 |
_aBoldt, Gerhard. _929949 |
|
| 245 | 1 | 4 |
_aLos diez últimos días de Hitler / _cGerhard Boldt ; [versión... Jesús Ruiz]. |
| 250 | _a[1ª ed.]. | ||
| 260 |
_aBarcelona : _bCaralt, _c[1973] |
||
| 300 |
_a204 p., 16 lám. ; _c22 cm. |
||
| 600 | 1 | 4 |
_aHitler, Adolf, _d1889-1945 _963836 |
| 700 | 1 |
_aRuiz, Jesús. _9100613 |
|
| 852 |
_aES-MaACL _jC-55963 _bR.88507 |
||
| 999 |
_c35030 _d35030 |
||